000 00849nam a2200229Ii 4500
003 JO-AjNU
008 230605s9999||||xx |||||||||||||| ||und||
017 _a2010/14111
020 _a978-977-428-014-6
040 _aJO-AjNU
_bara
_erda
_cJO-AjNU
041 _aara
050 1 4 _aHD49.2011
100 3 _aمحمد،ولاء علي,
_eauthor
_932380
245 0 0 _aدور المفاوضات في ادارة الازمات الدولية:دراسة نظرية مع تطبيق على ازمة الملف النووي الايراني
250 _aط1
264 3 1 _aالقاهرة:مصر العربية للنشر والتوزيع،2011
300 _a335ص
336 _atext
_btxt
_2rdacontent
337 _aunmediated
_bn
_2rdamedia
338 _avolume
_bnc
_2rdacarrier
650 4 _aالمفاوضات-المنازعات الدولية
_932381
999 _aA13065
_c16633
_d16633